000 00687nam a2200277Ia 4500
005 20260324130524.0
008 008 260324s9999 xx 000 0 eng d
020 _a9780429121357
037 _aEBOOK
040 _aCRL
040 _beng
040 _cCRL
041 _2eng
041 _aeng
084 _qCRL
100 _aYezid Donoso; Ramon Fabregat
_91182101
245 0 _aMulti-Objective Optimization in Computer Networks Using Metaheuristics
260 _bTaylor and Francis
260 _c2007
365 _a
365 _b180
856 _uhttp://www.taylorfrancis.com/books/9780429121357
942 _cEBOOK
999 _c1778327
_d1778327